000 00602nam a2200205Ii 4500
003 JO-AjNU
008 230605s9999||||xx |||||||||||||| ||und||
040 _aJO-AjNU
_bara
_erda
_cJO-AjNU
041 _aara
050 1 4 _aPJ7950 1999
100 3 _aتأليف حسان، محمد,
_eauthor
_949070
245 0 0 _aعباد القمر: رواية
250 _aط1
264 3 1 _aد.م: دار حور، 1999
300 _a96ص
336 _atext
_btxt
_2rdacontent
337 _aunmediated
_bn
_2rdamedia
338 _avolume
_bnc
_2rdacarrier
650 4 _aالأدب العربي - روايات
_949071
999 _aA21530
_c25098
_d25098